[Event "45. Torneo Internacional La Roda 2018"]
[Site "La Roda ESP"]
[Date "2018.03.31"]
[Round "7.14"]
[White "Gines Esteo, Pedro Antonio"]
[Black "Gomez Anadon, Daniel"]
[Result "1-0"]
[WhiteElo "2356"]
[BlackElo "2189"]
[PlyCount "39"]
[EventDate "2018.03.28"]
[EventType "swiss"]
[EventRounds "9"]
[EventCountry "ESP"]
[SourceTitle "Ajedrez en Madrid"]
[Source "lmi"]
[SourceDate "2018.03.28"]

1. d4 d5 2. Nf3 Nf6 3. g3 e6 4. Bg2 b5 5. O-O Bb7 6. c3 c5 7. a4 b4 8. a5 Nbd7
9. Qa4 Ba6 10. dxc5 bxc3 11. b4 Bxe2 12. Re1 Bxf3 13. Bxf3 Be7 14. Nxc3 O-O 15.
Bf4 Ne8 16. Rad1 g5 17. Nxd5 exd5 18. Rxd5 Nef6 19. Rxg5+ Kh8 20. Bxa8 1-0

[Event "45. Torneo Internacional La Roda 2018"]
[Site "La Roda ESP"]
[Date "2018.03.31"]
[Round "7.15"]
[White "Guerra Rivera, Salvador"]
[Black "Carbonell Sancho, Marc"]
[Result "1-0"]
[WhiteElo "2350"]
[BlackElo "2087"]
[PlyCount "57"]
[EventDate "2018.03.28"]
[EventType "swiss"]
[EventRounds "9"]
[EventCountry "ESP"]
[SourceTitle "Ajedrez en Madrid"]
[Source "lmi"]
[SourceDate "2018.03.28"]

1. e4 e6 2. d4 d5 3. Nc3 Nf6 4. Bg5 Be7 5. e5 Nfd7 6. Bxe7 Qxe7 7. Qg4 g6 8.
Nf3 a6 9. h4 h5 10. Qf4 c5 11. dxc5 Nxc5 12. O-O-O Nc6 13. Bd3 b5 14. Ng5 Rb8
15. Rh3 b4 16. Ne2 Nd7 17. Nd4 Ncxe5 18. Re1 Nxd3+ 19. Rxd3 Rb6 20. Rf3 Rf8 21.
Qc7 Qc5 22. Ndxe6 fxe6 23. Rxf8+ Qxf8 24. Nxe6 Rxe6 25. Rxe6+ Kf7 26. Qc6 Qg7
27. Re3 Qh8 28. Qxd5+ Kf8 29. Qd6+ 1-0

[Event "45. Torneo Internacional La Roda 2018"]
[Site "La Roda ESP"]
[Date "2018.03.31"]
[Round "7.16"]
[White "Romero Calduch, Sergio"]
[Black "Lariño Nieto, David"]
[Result "1-0"]
[WhiteElo "2174"]
[BlackElo "2452"]
[PlyCount "101"]
[EventDate "2018.03.28"]
[EventType "swiss"]
[EventRounds "9"]
[EventCountry "ESP"]
[SourceTitle "Ajedrez en Madrid"]
[Source "lmi"]
[SourceDate "2018.03.28"]

1. d4 e6 2. Nf3 h6 3. c4 g5 4. Nc3 Bg7 5. e4 d6 6. Be3 Ne7 7. h4 g4 8. Ng1 e5
9. dxe5 Nbc6 10. exd6 cxd6 11. Qd2 Be6 12. Bd3 Ne5 13. b3 b5 14. cxb5 N7g6 15.
h5 Qf6 16. Rc1 Nh4 17. Kf1 Rc8 18. Be2 O-O 19. Bf4 Rc5 20. Nd1 Rfc8 21. Rxc5
Rxc5 22. Qxd6 Qxf4 23. Qxc5 Nef3 24. gxf3 gxf3 25. Nxf3 Nxf3 26. Qe3 Nd2+ 27.
Ke1 Qxe4 28. Qxe4 Nxe4 29. Rh4 Bf5 30. Bd3 Ng5 31. Ke2 Be6 32. Ra4 Be5 33. Rxa7
Bg4+ 34. Kd2 Nf3+ 35. Kc1 Bxh5 36. b6 Nd4 37. Be4 Ne2+ 38. Kd2 Kg7 39. Ra5 Bf4+
40. Ne3 Bg4 41. Ke1 Nc3 42. Nxg4 Nxe4 43. Ra4 f5 44. Ne3 Kg6 45. b7 h5 46. Ra8
h4 47. b8=Q Bxb8 48. Rxb8 h3 49. Rh8 Ng5 50. f4 Nh7 51. Rxh7 1-0

[Event "45. Torneo Internacional La Roda 2018"]
[Site "La Roda ESP"]
[Date "2018.03.31"]
[Round "7.17"]
[White "Rodriguez Melendez, Juan Humbert"]
[Black "Quintin Navarro, Alberto"]
[Result "0-1"]
[WhiteElo "2165"]
[BlackElo "2380"]
[PlyCount "120"]
[EventDate "2018.03.28"]
[EventType "swiss"]
[EventRounds "9"]
[EventCountry "ESP"]
[SourceTitle "Ajedrez en Madrid"]
[Source "lmi"]
[SourceDate "2018.03.28"]

1. e4 e6 2. d4 d5 3. Nc3 Bb4 4. exd5 exd5 5. Bd3 Nc6 6. Nge2 Nge7 7. O-O Bf5 8.
Ng3 Bg6 9. Nce2 O-O 10. f4 Bxd3 11. Qxd3 f5 12. Kh1 Qd7 13. a3 Bd6 14. Ng1 Ng6
15. Bd2 Rae8 16. b4 Nce7 17. Rae1 a6 18. c3 Qb5 19. Qc2 Nh4 20. N3e2 Nc8 21. g3
Ng6 22. Nc1 Nb6 23. Nd3 Re4 24. Nf2 Re7 25. Kg2 Nc4 26. Bc1 Rfe8 27. Rxe7 Rxe7
28. Nf3 Qd7 29. Re1 Rxe1 30. Nxe1 Qe6 31. Nf3 h6 32. Qd3 Nf8 33. Kf1 Kf7 34.
Qe2 Nd7 35. Qxe6+ Kxe6 36. Ne5 Bxe5 37. dxe5 Nf8 38. Nd3 b6 39. Ne1 Kd7 40. Ke2
Ne6 41. Nf3 g6 42. Nh4 Nf8 43. Nf3 c5 44. h3 h5 45. Kd3 Ke7 46. a4 Ne6 47. Nh4
Kf7 48. Nf3 Nd8 49. Ng5+ Ke7 50. bxc5 bxc5 51. Be3 Nb7 52. Bc1 Nb6 53. Nf3 Na5
54. Ba3 Nxa4 55. Nd2 Ke6 56. c4 Nb6 57. Bxc5 dxc4+ 58. Kd4 Nb3+ 59. Nxb3 cxb3
60. Kc3 Na4+ 0-1

[Event "45. Torneo Internacional La Roda 2018"]
[Site "La Roda ESP"]
[Date "2018.03.31"]
[Round "7.18"]
[White "Dan, Teodor"]
[Black "Perez Garcia, Alejandro"]
[Result "0-1"]
[WhiteElo "2164"]
[BlackElo "2355"]
[PlyCount "123"]
[EventDate "2018.03.28"]
[EventType "swiss"]
[EventRounds "9"]
[EventCountry "ESP"]
[SourceTitle "Ajedrez en Madrid"]
[Source "lmi"]
[SourceDate "2018.03.28"]

1. d4 Nf6 2. c4 e6 3. Nc3 Bb4 4. Qc2 b6 5. a3 Bxc3+ 6. Qxc3 Bb7 7. Bg5 h6 8.
Bh4 g5 9. Bg3 Ne4 10. Qc2 c5 11. Be5 O-O 12. f3 d6 13. Bg3 Nxg3 14. hxg3 Qf6
15. dxc5 dxc5 16. Nh3 Qg7 17. Nf2 f5 18. e3 Nc6 19. O-O-O Rad8 20. Bd3 Ne5 21.
Be2 Ng6 22. Rxd8 Rxd8 23. Rd1 Rxd1+ 24. Nxd1 Ne5 25. Qa4 Bc6 26. Qc2 Qd7 27.
Qd2 Qxd2+ 28. Kxd2 g4 29. f4 Nd7 30. Bf1 Nf6 31. Nc3 Kf7 32. Ke2 Ke7 33. Kf2
Kd6 34. Bd3 Kc7 35. Bc2 Kb7 36. e4 fxe4 37. Ke3 Nh5 38. Nxe4 Bxe4 39. Bxe4+ Kc7
40. Kf2 Kd6 41. Bg6 Ng7 42. Ke3 Ke7 43. Be4 Kf6 44. Bd3 Ne8 45. Be2 Nd6 46. Bd3
a6 47. a4 h5 48. b3 Nc8 49. Be4 Nd6 50. Bd3 Nb7 51. Bc2 Na5 52. f5 exf5 53. Kf4
Nc6 54. Bxf5 Nd4 55. Bc8 a5 56. Bd7 Nxb3 57. Be8 Nd2 58. Bxh5 Nxc4 59. Bxg4 Nb2
60. Be2 c4 61. Ke4 c3 62. Ke3 0-1

[Event "45. Torneo Internacional La Roda 2018"]
[Site "La Roda ESP"]
[Date "2018.03.31"]
[Round "7.20"]
[White "Garcia Dorado, Alberto"]
[Black "Valmaña Canto, Jaime"]
[Result "0-1"]
[WhiteElo "2158"]
[BlackElo "2346"]
[PlyCount "62"]
[EventDate "2018.03.28"]
[EventType "swiss"]
[EventRounds "9"]
[EventCountry "ESP"]
[SourceTitle "Ajedrez en Madrid"]
[Source "lmi"]
[SourceDate "2018.03.28"]

1. d4 Nf6 2. Nf3 d6 3. g3 g6 4. Bg2 Bg7 5. O-O O-O 6. c4 Nc6 7. Nc3 Bf5 8. d5
Na5 9. Nd2 c5 10. e4 Bg4 11. Qc2 a6 12. a4 Qd7 13. b3 Bh3 14. Bb2 Bxg2 15. Kxg2
e5 16. Ne2 b5 17. Bc3 b4 18. Bb2 Bh6 19. f4 Nh5 20. h3 f5 21. Rf3 exf4 22. Nxf4
Bxf4 23. gxf4 fxe4 24. Nxe4 Rae8 25. f5 Rxf5 26. Raf1 Ref8 27. Nf6+ Nxf6 28.
Rxf5 gxf5 29. Rxf5 Qg7+ 30. Kh2 Qg6 31. Bc1 Ne4 0-1

[Event "45. Torneo Internacional La Roda 2018"]
[Site "La Roda ESP"]
[Date "2018.03.31"]
[Round "7.21"]
[White "Martin Duque, Jesus"]
[Black "Dias, Ivo Rodrigues"]
[Result "1-0"]
[WhiteElo "2345"]
[BlackElo "2147"]
[PlyCount "59"]
[EventDate "2018.03.28"]
[EventType "swiss"]
[EventRounds "9"]
[EventCountry "ESP"]
[SourceTitle "Ajedrez en Madrid"]
[Source "lmi"]
[SourceDate "2018.03.28"]

1. e4 c5 2. Nf3 e6 3. d4 cxd4 4. Nxd4 Nc6 5. Nc3 Qc7 6. Be2 Nf6 7. O-O Be7 8.
Be3 O-O 9. f4 d6 10. Ndb5 Qb8 11. a4 b6 12. Kh1 Bb7 13. Bf3 Rc8 14. Qe2 Nb4 15.
Bg1 Nd7 16. g4 a6 17. Nd4 Qc7 18. Bg2 Rd8 19. g5 g6 20. Qg4 Bf8 21. f5 Ne5 22.
Qh3 exf5 23. exf5 Bxg2+ 24. Qxg2 d5 25. Rae1 Nc4 26. Rf3 Nxb2 27. Ref1 Rd7 28.
Qh3 Bg7 29. fxg6 fxg6 30. Ne6 1-0

[Event "45. Torneo Internacional La Roda 2018"]
[Site "La Roda ESP"]
[Date "2018.04.01"]
[Round "8.1"]
[White "Cabezas Ayala, Ivan"]
[Black "Perez Candelario, Manuel"]
[Result "0-1"]
[WhiteElo "2297"]
[BlackElo "2586"]
[PlyCount "74"]
[EventDate "2018.03.28"]
[EventType "swiss"]
[EventRounds "9"]
[EventCountry "ESP"]
[SourceTitle "Ajedrez en Madrid"]
[Source "lmi"]
[SourceDate "2018.03.28"]

1. e4 e5 2. Nf3 Nc6 3. Bb5 a6 4. Ba4 Nf6 5. O-O Be7 6. Re1 b5 7. Bb3 d6 8. c3
O-O 9. h3 Bb7 10. d4 Nd7 11. Nbd2 exd4 12. cxd4 Bf6 13. Nf1 Na5 14. Bc2 Re8 15.
Ng3 g6 16. a4 c5 17. d5 b4 18. Re2 Rb8 19. Qe1 Bc8 20. Rb1 b3 21. Bd3 c4 22.
Bd2 cxd3 23. Bxa5 Qe7 24. Re3 Nc5 25. Bb4 Bg7 26. e5 Qa7 27. Rd1 dxe5 28. Nxe5
Rxb4 29. Nc6 Rxe3 30. Qxe3 Qb6 31. a5 Qb5 32. Nxb4 Qxb4 33. Qe8+ Bf8 34. Qxc8
Qd4 35. Qc6 Qxb2 36. Nf1 Ne4 37. Nd2 Nxd2 0-1

[Event "45. Torneo Internacional La Roda 2018"]
[Site "La Roda ESP"]
[Date "2018.04.01"]
[Round "8.2"]
[White "Fedorchuk, Sergey A."]
[Black "Oratovsky, Michael"]
[Result "1-0"]
[WhiteElo "2642"]
[BlackElo "2445"]
[PlyCount "135"]
[EventDate "2018.03.28"]
[EventType "swiss"]
[EventRounds "9"]
[EventCountry "ESP"]
[SourceTitle "Ajedrez en Madrid"]
[Source "lmi"]
[SourceDate "2018.03.28"]

1. e4 c5 2. Nf3 e6 3. d4 cxd4 4. Nxd4 a6 5. Bd3 g6 6. f4 Bg7 7. Nf3 d6 8. O-O
Nf6 9. c4 O-O 10. Nc3 Nbd7 11. a4 b6 12. Qe2 Bb7 13. Bd2 Rc8 14. Rad1 Qc7 15.
Kh1 Rfe8 16. Ng5 h6 17. Nf3 Nh5 18. Qf2 Nc5 19. Bc2 f5 20. exf5 gxf5 21. Be3
Nf6 22. Bd4 Ng4 23. Qg3 Bxd4 24. Nxd4 Qg7 25. Rfe1 Nf6 26. Qxg7+ Kxg7 27. Kg1
Kf7 28. Re3 Rg8 29. g3 h5 30. Bxf5 exf5 31. Nxf5 Kf8 32. Ne7 Ng4 33. Ree1 Ne5
34. Nxc8 Nf3+ 35. Kf1 Nxh2+ 36. Kf2 Ng4+ 37. Ke2 Bxc8 38. Rxd6 Kf7 39. Rxb6 Bf5
40. Kd2 Rd8+ 41. Nd5 Be4 42. b4 Bxd5 43. bxc5 Bxc4+ 44. Kc3 Ba2 45. Re2 Bd5 46.
Rxa6 Nf6 47. Kb4 Ne4 48. c6 Rb8+ 49. Ka5 Nd6 50. Ra7+ Kf6 51. Rc2 Nc4+ 52. Rxc4
Bxc4 53. c7 Rc8 54. Kb6 Bd5 55. Ra5 Bf3 56. Re5 Rg8 57. a5 Kf7 58. a6 Rg6+ 59.
Kb5 Bc6+ 60. Kb4 Bd7 61. Ra5 Rg8 62. a7 Ra8 63. Kc5 Ke7 64. Kb6 Bg4 65. Ra3 Bh3
66. Re3+ Kd7 67. Rd3+ Ke7 68. Rd8 1-0

[Event "45. Torneo Internacional La Roda 2018"]
[Site "La Roda ESP"]
[Date "2018.04.01"]
[Round "8.3"]
[White "Ibarra Jerez, Jose Carlos"]
[Black "Gines Esteo, Pedro Antonio"]
[Result "1-0"]
[WhiteElo "2569"]
[BlackElo "2356"]
[PlyCount "83"]
[EventDate "2018.03.28"]
[EventType "swiss"]
[EventRounds "9"]
[EventCountry "ESP"]
[SourceTitle "Ajedrez en Madrid"]
[Source "lmi"]
[SourceDate "2018.03.28"]

1. Nf3 Nf6 2. g3 d5 3. Bg2 Bf5 4. O-O e6 5. c4 c6 6. cxd5 exd5 7. d3 Be7 8. Qb3
Qb6 9. Qc2 h6 10. Nc3 O-O 11. e4 Bh7 12. Be3 Qa6 13. Rfd1 Nbd7 14. exd5 cxd5
15. Qb3 Rfd8 16. d4 Qb6 17. Nd2 Qxb3 18. Nxb3 Nb6 19. Na5 Nc4 20. Nxb7 Nxe3 21.
fxe3 Re8 22. Nxd5 Nxd5 23. Bxd5 Rac8 24. Rf1 Bg6 25. h4 Bb4 26. e4 Rc2 27. Rf2
Bd2 28. Kh2 Rxb2 29. Nd6 Reb8 30. Nc4 Rc2 31. Rd1 Rxc4 32. Bxc4 Be3 33. Rf3
Rb2+ 34. Kh3 Bxe4 35. Rxe3 Bg2+ 36. Kg4 Rf2 37. h5 Bc6 38. Kh3 Bg2+ 39. Kh4 Bc6
40. g4 Rh2+ 41. Kg3 Rg2+ 42. Kh3 1-0

[Event "45. Torneo Internacional La Roda 2018"]
[Site "La Roda ESP"]
[Date "2018.04.01"]
[Round "8.4"]
[White "Ramiro Ovejero, Juan Luis"]
[Black "Forcen Esteban, Daniel"]
[Result "0-1"]
[WhiteElo "2374"]
[BlackElo "2564"]
[PlyCount "59"]
[EventDate "2018.03.28"]
[EventType "swiss"]
[EventRounds "9"]
[EventCountry "ESP"]
[SourceTitle "Ajedrez en Madrid"]
[Source "lmi"]
[SourceDate "2018.03.28"]

1. e4 c5 2. Nf3 e6 3. c4 Nc6 4. d4 cxd4 5. Nxd4 Nf6 6. Nc3 Bb4 7. Nxc6 dxc6 8.
Qxd8+ Kxd8 9. e5 Nd7 10. f4 Bxc3+ 11. bxc3 b6 12. Be3 c5 13. a4 Bb7 14. a5 Kc7
15. Kf2 Nb8 16. axb6+ axb6 17. Rxa8 Bxa8 18. Be2 Be4 19. Ra1 Nc6 20. g4 Kb7 21.
Bf3 Bxf3 22. Kxf3 Na5 23. Rd1 Kc6 24. Ra1 h5 25. h4 Nxc4 26. gxh5 Rxh5 27. Bf2
Rf5 28. Re1 b5 29. Kg4 g6 30. Rd1 0-1

[Event "45. Torneo Internacional La Roda 2018"]
[Site "La Roda ESP"]
[Date "2018.04.01"]
[Round "8.5"]
[White "Martinez Lopez, David"]
[Black "Epishin, Vladimir"]
[Result "1-0"]
[WhiteElo "2368"]
[BlackElo "2551"]
[PlyCount "79"]
[EventDate "2018.03.28"]
[EventType "swiss"]
[EventRounds "9"]
[EventCountry "ESP"]
[SourceTitle "Ajedrez en Madrid"]
[Source "lmi"]
[SourceDate "2018.03.28"]

1. d4 Nf6 2. c4 b6 3. Nf3 Bb7 4. g3 Bxf3 5. exf3 e6 6. Bg2 c6 7. O-O d5 8. b3
Nbd7 9. Bb2 g6 10. Nd2 Bg7 11. f4 O-O 12. Rc1 Rc8 13. Qe2 c5 14. Rfd1 Re8 15.
Nf3 cxd4 16. Bxd4 Ne4 17. Bxg7 Kxg7 18. Ne5 Nef6 19. Qb2 Rc7 20. cxd5 Rxc1 21.
Qxc1 Nxe5 22. fxe5 Nxd5 23. Qb2 Re7 24. Rd3 Rd7 25. Qd2 Kg8 26. Be4 b5 27. Kf1
a5 28. h4 b4 29. h5 Qa8 30. h6 Qc6 31. Qg5 Kf8 32. Rf3 Ke8 33. Kg2 Qb6 34. Bxd5
exd5 35. Rf6 Qb7 36. e6 d4+ 37. Kh2 fxe6 38. Qe5 Re7 39. Rf4 d3 40. Rd4 1-0

[Event "45. Torneo Internacional La Roda 2018"]
[Site "La Roda ESP"]
[Date "2018.04.01"]
[Round "8.6"]
[White "Guerra Rivera, Salvador"]
[Black "Campora, Daniel H."]
[Result "1/2-1/2"]
[WhiteElo "2350"]
[BlackElo "2419"]
[PlyCount "90"]
[EventDate "2018.03.28"]
[EventType "swiss"]
[EventRounds "9"]
[EventCountry "ESP"]
[SourceTitle "Ajedrez en Madrid"]
[Source "lmi"]
[SourceDate "2018.03.28"]

1. e4 e5 2. Nf3 Nc6 3. d4 exd4 4. Nxd4 d6 5. Bb5 Bd7 6. Nc3 Nf6 7. O-O Be7 8.
Re1 Nxd4 9. Qxd4 Bxb5 10. Nxb5 O-O 11. Bg5 h6 12. Bh4 Re8 13. Rad1 Nd7 14. Bxe7
Rxe7 15. c4 a6 16. Nc3 Re8 17. f4 b5 18. Re3 Nf6 19. Nd5 bxc4 20. Rg3 Kh8 21.
Re1 c6 22. Nc3 d5 23. e5 Nd7 24. Qd1 Qb6+ 25. Kh1 Nc5 26. Qg4 Rg8 27. Rf1 Nd3
28. Nd1 Nxb2 29. Ne3 Nd3 30. Qf5 Rab8 31. h3 Qc7 32. Qh5 Qe7 33. Nf5 Qe6 34.
Nd6 Rbf8 35. Kh2 Kh7 36. f5 Qxe5 37. Nxf7 Rxf7 38. Qxf7 Qf6 39. Qa7 c5 40. Rg6
Qe5+ 41. Kh1 Nf2+ 42. Rxf2 Qe1+ 43. Kh2 Qxf2 44. Qf7 Qf4+ 45. Kh1 Qf1+ 1/2-1/2

[Event "45. Torneo Internacional La Roda 2018"]
[Site "La Roda ESP"]
[Date "2018.04.01"]
[Round "8.7"]
[White "Lopez Mulet, Inigo"]
[Black "Pilgaard, Kim"]
[Result "1-0"]
[WhiteElo "2341"]
[BlackElo "2397"]
[PlyCount "63"]
[EventDate "2018.03.28"]
[EventType "swiss"]
[EventRounds "9"]
[EventCountry "ESP"]
[SourceTitle "Ajedrez en Madrid"]
[Source "lmi"]
[SourceDate "2018.03.28"]

1. d4 Nf6 2. c4 e6 3. g3 Bb4+ 4. Bd2 a5 5. Bg2 d6 6. e4 e5 7. Ne2 Nc6 8. d5 Ne7
9. Nbc3 c6 10. O-O O-O 11. h3 cxd5 12. cxd5 Bc5 13. Nc1 Bd7 14. Qe2 a4 15. Nd3
Bd4 16. Be3 Bxe3 17. Qxe3 Qa5 18. f4 exf4 19. gxf4 Rfc8 20. Rac1 a3 21. b4 Qa6
22. Kh2 Rc4 23. e5 Nf5 24. Qd2 Rd4 25. Rfd1 Nh5 26. Ne2 Rc4 27. Rxc4 Qxc4 28.
Rc1 Qa6 29. Rc7 Rd8 30. e6 fxe6 31. dxe6 Bxe6 32. Nc5 1-0

[Event "45. Torneo Internacional La Roda 2018"]
[Site "La Roda ESP"]
[Date "2018.04.01"]
[Round "8.8"]
[White "Merario Alarcon, Andres"]
[Black "Mingarro Carceller, Sergi"]
[Result "1-0"]
[WhiteElo "2384"]
[BlackElo "2323"]
[PlyCount "99"]
[EventDate "2018.03.28"]
[EventType "swiss"]
[EventRounds "9"]
[EventCountry "ESP"]
[SourceTitle "Ajedrez en Madrid"]
[Source "lmi"]
[SourceDate "2018.03.28"]

1. b3 e5 2. Bb2 Nc6 3. e3 Nf6 4. Bb5 Bd6 5. Na3 Na5 6. Be2 O-O 7. Nb5 Qe7 8.
Nxd6 Qxd6 9. d4 exd4 10. Qxd4 Qxd4 11. Bxd4 Nc6 12. Bb2 d6 13. O-O-O Ne4 14.
Rf1 a5 15. a3 Re8 16. Nh3 a4 17. b4 d5 18. Nf4 Ne7 19. g4 c6 20. Rhg1 Ng6 21.
Nh5 f6 22. g5 Bh3 23. gxf6 Bxf1 24. Rxf1 Rf8 25. Nxg7 Nxf6 26. Nf5 Kf7 27. Nd6+
Ke7 28. Nxb7 Ne4 29. f3 Nd6 30. Nxd6 Kxd6 31. Bd4 Rg8 32. f4 Nf8 33. Rf2 Nd7
34. Bd3 h6 35. Rf3 Rg1+ 36. Kb2 c5 37. Bc3 c4 38. Bh7 Re8 39. Rh3 Kc7 40. Bd4
Nb8 41. b5 Re1 42. Bg6 Re7 43. Kc3 Nd7 44. Kd2 Rg1 45. Rxh6 Re6 46. f5 Re4 47.
Bf7 Ne5 48. Bb6+ Kd7 49. Bxd5 Reg4 50. Bc5 1-0

[Event "45. Torneo Internacional La Roda 2018"]
[Site "La Roda ESP"]
[Date "2018.04.01"]
[Round "8.9"]
[White "Korneev, Oleg"]
[Black "Figuero Toro, Julian Francisco"]
[Result "1-0"]
[WhiteElo "2557"]
[BlackElo "2309"]
[PlyCount "69"]
[EventDate "2018.03.28"]
[EventType "swiss"]
[EventRounds "9"]
[EventCountry "ESP"]
[SourceTitle "Ajedrez en Madrid"]
[Source "lmi"]
[SourceDate "2018.03.28"]

1. e4 e5 2. Nf3 Nf6 3. d4 Nxe4 4. Bd3 d5 5. Nxe5 Nd7 6. Nc3 Nxe5 7. dxe5 Nxc3
8. bxc3 Be7 9. O-O Be6 10. Rb1 Qc8 11. f4 g6 12. Kh1 h5 13. Qe2 Bg4 14. Qf2 Be6
15. Qf3 c6 16. Be3 Qd7 17. a4 b6 18. Qe2 h4 19. Kg1 h3 20. g3 Bg4 21. Qf2 Rd8
22. a5 bxa5 23. Ra1 a4 24. Rxa4 Ra8 25. Rfa1 O-O 26. Rxa7 Rxa7 27. Rxa7 Qe6 28.
Bc5 Bxc5 29. Qxc5 Rb8 30. Kf2 Bf5 31. Re7 Qc8 32. Qd6 Bxd3 33. e6 Qf8 34. cxd3
f6 35. Qd7 1-0

[Event "45. Torneo Internacional La Roda 2018"]
[Site "La Roda ESP"]
[Date "2018.04.01"]
[Round "8.10"]
[White "Popovic, Dusan"]
[Black "Martinez Fernandez, Adrian"]
[Result "1-0"]
[WhiteElo "2534"]
[BlackElo "2306"]
[PlyCount "119"]
[EventDate "2018.03.28"]
[EventType "swiss"]
[EventRounds "9"]
[EventCountry "ESP"]
[SourceTitle "Ajedrez en Madrid"]
[Source "lmi"]
[SourceDate "2018.03.28"]

1. Nf3 c5 2. g3 Nc6 3. Bg2 g6 4. O-O Bg7 5. d3 e6 6. e4 Nge7 7. c3 d5 8. Re1
dxe4 9. dxe4 Qxd1 10. Rxd1 O-O 11. Na3 b6 12. Nc4 Ba6 13. Bf1 Rad8 14. Bf4 Rxd1
15. Rxd1 Rd8 16. Rxd8+ Nxd8 17. Nd6 Bxf1 18. Kxf1 Ndc6 19. Ke2 Kf8 20. Kd3 a6
21. a4 h6 22. h4 Kg8 23. Nb7 Nc8 24. a5 Nxa5 25. Nxa5 bxa5 26. Bc7 a4 27. Kc4
Na7 28. Kxc5 Nb5 29. Ba5 a3 30. bxa3 Nxa3 31. c4 f5 32. e5 Kf7 33. Kb4 Bf8+ 34.
Kb3 Bc5 35. Bd2 Ke8 36. Be3 Bf8 37. Bc1 Nb1 38. Kb2 Na3 39. Kb3 Nb1 40. Bb2 Bc5
41. Ka2 Bxf2 42. Kxb1 Bxg3 43. Bc1 g5 44. hxg5 hxg5 45. Bxg5 Kd7 46. Kc2 Bf2
47. Bd2 Bb6 48. Ne1 Bc7 49. Nd3 Kc6 50. Kb3 Bb6 51. Bc1 Bd8 52. Be3 Bc7 53. Bd4
Bb8 54. Kb4 Bc7 55. Ka4 Bb8 56. Ka5 Bc7+ 57. Kxa6 Bb8 58. Nb4+ Kc7 59. Kb5 Kd7
60. Nc6 1-0

[Event "45. Torneo Internacional La Roda 2018"]
[Site "La Roda ESP"]
[Date "2018.04.01"]
[Round "8.11"]
[White "Moreno Ibanez, Miguel"]
[Black "Cifuentes Parada, Roberto"]
[Result "1-0"]
[WhiteElo "2270"]
[BlackElo "2465"]
[PlyCount "71"]
[EventDate "2018.03.28"]
[EventType "swiss"]
[EventRounds "9"]
[EventCountry "ESP"]
[SourceTitle "Ajedrez en Madrid"]
[Source "lmi"]
[SourceDate "2018.03.28"]

1. e4 c5 2. Nf3 e6 3. b3 d6 4. Bb2 Nf6 5. Bb5+ Nbd7 6. Qe2 Be7 7. e5 dxe5 8.
Nxe5 O-O 9. Bxd7 Nxd7 10. Ng4 Nf6 11. h3 b6 12. Qf3 Ba6 13. Nc3 Nd5 14. Nh6+
gxh6 15. Qg3+ Bg5 16. h4 Qb8 17. hxg5 Qxg3 18. fxg3 hxg5 19. Ne4 f6 20. c4 Nb4
21. Ke2 e5 22. Rh6 Bb7 23. Nxf6+ Kg7 24. Ng4 Rae8 25. Rah1 Be4 26. Nxe5 Bf5 27.
Kd1 Rf6 28. Nd7 Bg4+ 29. Kc1 Nd3+ 30. Kb1 Nxb2 31. Nxf6 Bf5+ 32. Kxb2 Re6 33.
g4 Bg6 34. Nd5 Re2 35. Kc3 Rxg2 36. Ne3 1-0

[Event "45. Torneo Internacional La Roda 2018"]
[Site "La Roda ESP"]
[Date "2018.04.01"]
[Round "8.12"]
[White "Ladron De Guevara Pinto, Paolo"]
[Black "Buendia Pinar, Alvaro"]
[Result "1-0"]
[WhiteElo "2422"]
[BlackElo "2297"]
[PlyCount "79"]
[EventDate "2018.03.28"]
[EventType "swiss"]
[EventRounds "9"]
[EventCountry "ESP"]
[SourceTitle "Ajedrez en Madrid"]
[Source "lmi"]
[SourceDate "2018.03.28"]

1. e4 c6 2. d4 d5 3. exd5 cxd5 4. Bd3 Nf6 5. c3 g6 6. Bf4 Nc6 7. Nf3 Bg7 8. O-O
O-O 9. Re1 Nh5 10. Be3 Qd6 11. Nbd2 b6 12. Nf1 f6 13. c4 Nb4 14. Be2 Bf5 15.
Nh4 Nf4 16. Bxf4 Qxf4 17. g3 Qd6 18. Nxf5 gxf5 19. a3 Nc6 20. cxd5 Qxd5 21. Bf3
Qd6 22. Bxc6 Qxc6 23. Rxe7 Qd6 24. Qb3+ Kh8 25. Rae1 f4 26. d5 Rad8 27. Rxa7
Qxd5 28. Qxb6 f5 29. Ree7 Rg8 30. Qf6 Qd4 31. Qxd4 Rxd4 32. b4 Rd1 33. Red7 Rb1
34. Rd3 h5 35. Rd5 f3 36. Rxf5 Rd8 37. Rxf3 Rdd1 38. Rff7 Rxf1+ 39. Kg2 Rg1+
40. Kh3 1-0

[Event "45. Torneo Internacional La Roda 2018"]
[Site "La Roda ESP"]
[Date "2018.04.01"]
[Round "8.13"]
[White "Stankovic, Milos"]
[Black "Roig Aguilar, Alejandro"]
[Result "1/2-1/2"]
[WhiteElo "2416"]
[BlackElo "2250"]
[PlyCount "89"]
[EventDate "2018.03.28"]
[EventType "swiss"]
[EventRounds "9"]
[EventCountry "ESP"]
[SourceTitle "Ajedrez en Madrid"]
[Source "lmi"]
[SourceDate "2018.03.28"]

1. e4 c5 2. Nf3 d6 3. d4 Nf6 4. Nc3 cxd4 5. Nxd4 a6 6. Nb3 e6 7. g4 b5 8. Bg2
Bb7 9. g5 Nfd7 10. Be3 Nc6 11. f4 Nb6 12. Qe2 Nc4 13. O-O-O Nxe3 14. Qxe3 Na5
15. Qh3 Nxb3+ 16. axb3 g6 17. e5 Bxg2 18. Qxg2 d5 19. Ne4 Be7 20. Nf6+ Bxf6 21.
gxf6 a5 22. Rd3 a4 23. b4 Qd7 24. h4 h5 25. Qd2 O-O-O 26. Rc3+ Kb7 27. Qd4 Rc8
28. Rhh3 Rhd8 29. b3 axb3 30. cxb3 Rxc3+ 31. Rxc3 Rc8 32. Kd2 Rxc3 33. Qxc3 Qc6
34. Qa1 Qb6 35. Ke2 Qc6 36. Kd3 Qa6 37. Qg1 Qa3 38. Kc3 d4+ 39. Qxd4 Qc1+ 40.
Kd3 Qd1+ 41. Ke3 Qg1+ 42. Ke4 Qh1+ 43. Kd3 Qd1+ 44. Ke3 Qg1+ 45. Ke4 1/2-1/2

[Event "45. Torneo Internacional La Roda 2018"]
[Site "La Roda ESP"]
[Date "2018.04.01"]
[Round "8.14"]
[White "Quintin Navarro, Alberto"]
[Black "Ortega Lopez, Mikel"]
[Result "1-0"]
[WhiteElo "2380"]
[BlackElo "2240"]
[PlyCount "73"]
[EventDate "2018.03.28"]
[EventType "swiss"]
[EventRounds "9"]
[EventCountry "ESP"]
[SourceTitle "Ajedrez en Madrid"]
[Source "lmi"]
[SourceDate "2018.03.28"]

1. c4 Nf6 2. Nf3 e6 3. g3 d5 4. Bg2 dxc4 5. O-O Be7 6. Na3 O-O 7. Nxc4 Nbd7 8.
d4 c5 9. Qc2 cxd4 10. Nxd4 Nb6 11. Nxb6 Qxb6 12. Nb3 Bd7 13. Be3 Qa6 14. Nc5
Rac8 15. Nxa6 Rxc2 16. Bxb7 Bc6 17. Bc5 Bxc5 18. Bxc6 Bxf2+ 19. Kxf2 Rxc6 20.
Nb4 Rb6 21. Nd3 e5 22. b3 e4 23. Ne5 Re6 24. Nc4 Ng4+ 25. Kg1 Ne5 26. Ne3 g6
27. g4 Rd8 28. Rad1 Red6 29. Rxd6 Rxd6 30. Rf4 Rd4 31. Kf1 Kg7 32. h4 h5 33.
gxh5 Nd7 34. h6+ Kxh6 35. Rxf7 a5 36. Ng4+ Kh5 37. Rxd7 1-0